[Event "Hannover Bezirk-ch A"]
[Site "Lehrte"]
[Date "2017.10.28"]
[Round "1.7"]
[White "Wengorsch, Fenja"]
[Black "Schimmelpfennig, Juergen"]
[Result "0-1"]
[WhiteElo "1053"]
[BlackElo "1382"]
[PlyCount "90"]
[EventDate "2017.10.??"]
[EventType "swiss"]
[EventRounds "7"]
[EventCountry "GER"]
[SourceTitle "EXT 2022"]
[Source "ChessBase"]
[SourceDate "2021.10.06"]
[SourceVersion "1"]
[SourceVersionDate "2021.10.06"]
[SourceQuality "1"]

1. e4 e5 2. Nf3 Nc6 3. Bc4 Bc5 4. Nc3 Nf6 5. d3 h6 6. Be3 Bb4 7. Bd2 d6 8. h3 0-0 9. Nd5 Bxd2+ 10. Qxd2 Nd4 11. Nxd4 exd4 12. 0-0-0 c6 13. Nf4 d5 14. Bb3 dxe4 15. dxe4 Nxe4 16. Qxd4 Qxd4 17. Rxd4 Bf5 18. Rf1 Rad8 19. Rxd8 Rxd8 20. f3 Nc5 21. Bc4 Rd4 22. Bxf7+ Kxf7 23. Ne2 Rd6 24. g4 Bh7 25. a3 g5 26. f4 gxf4 27. Rxf4+ Rf6 28. Rd4 Rf1+ 29. Kd2 Rf3 30. h4 Rh3 31. h5 Ne4+ 32. Ke1 Rh1+ 33. Ng1 Rxg1+ 34. Ke2 Ke6 35. b4 Rxg4 36. Kf3 Rh4 37. c4 Ng5+ 38. Ke3 Rxd4 39. Kxd4 Nf3+ 40. Kc5 Ne5 41. b5 cxb5 42. cxb5 b6+ 43. Kb4 Kd6 44. a4 Bf5 45. a5 Bg4 0-1

[Event "Hannover-chC"]
[Site "Lehrte"]
[Date "2016.10.01"]
[Round "1"]
[White "Tenninger, Joerg"]
[Black "Schimmelpfennig, Juergen"]
[Result "1/2-1/2"]
[WhiteElo "1608"]
[BlackElo "1348"]
[PlyCount "76"]
[EventDate "2016.10.01"]
[EventType "swiss"]
[EventRounds "7"]
[EventCountry "GER"]
[SourceTitle "EXT 2020"]
[Source "ChessBase"]
[SourceDate "2019.10.17"]
[SourceVersion "1"]
[SourceVersionDate "2019.10.17"]
[SourceQuality "1"]

1. d4 d5 2. c4 e6 3. Nc3 Nf6 4. Bg5 h6 5. Bh4 Bb4 6. Rc1 g5 7. Bg3 a6 8. e3 Nc6 9. a3 Bxc3+ 10. Rxc3 Ne4 11. Rc2 h5 12. h3 h4 13. Bh2 dxc4 14. Bxc4 Na5 15. Ba2 c6 16. Nf3 b5 17. 0-0 f6 18. Qd3 f5 19. Ne5 c5 20. dxc5 Qxd3 21. Nxd3 Nc6 22. Ne5 Nxe5 23. Bxe5 Rh7 24. Rd1 Ke7 25. f3 Nf6 26. Rcd2 Nd7 27. Bd6+ Kf6 28. b4 a5 29. Bb1 axb4 30. axb4 Ne5 31. e4 Nc4 32. e5+ Nxe5 33. Bxe5+ Kxe5 34. Re2+ Kf6 35. Ba2 Re7 36. Bb3 Ra6 37. Kf2 Rea7 38. Rde1 Re7 1/2-1/2

[Event "Hannover-chA"]
[Site "Lehrte"]
[Date "2015.10.30"]
[Round "3"]
[White "Schimmelpfennig, Juergen"]
[Black "Piotrowski, Jan"]
[Result "0-1"]
[WhiteElo "1356"]
[BlackElo "1098"]
[PlyCount "44"]
[EventDate "2015.10.29"]
[EventType "swiss"]
[EventRounds "7"]
[EventCountry "GER"]
[SourceTitle "EXT 2021"]
[Source "ChessBase"]
[SourceDate "2020.10.23"]
[SourceVersion "1"]
[SourceVersionDate "2020.10.23"]
[SourceQuality "1"]

1. e4 e5 2. Nf3 Nc6 3. Bc4 Bc5 4. Nc3 Nf6 5. 0-0 0-0 6. d3 d6 7. h3 h6 8. a3 Nd4 9. Be3 Nxf3+ 10. Qxf3 Bxe3 11. fxe3 c6 12. Rad1 a6 13. d4 Qe7 14. dxe5 dxe5 15. Ne2 Be6 16. Bd3 b5 17. Ng3 Rad8 18. Nf5 Bxf5 19. Qxf5 Rd6 20. c4 Rfd8 21. Be2 Rxd1 22. cxb5 Rxf1+ 0-1

[Event "Hannover-chA"]
[Site "Lehrte"]
[Date "2013.10.18"]
[Round "4"]
[White "Schimmelpfennig, Juergen"]
[Black "Buchholz, Bernd1111"]
[Result "1-0"]
[WhiteElo "1308"]
[BlackElo "1047"]
[PlyCount "43"]
[EventDate "2013.10.17"]
[EventType "swiss"]
[EventRounds "7"]
[EventCountry "GER"]
[SourceTitle "EXT 2021"]
[Source "ChessBase"]
[SourceDate "2020.10.23"]
[SourceVersion "1"]
[SourceVersionDate "2020.10.23"]
[SourceQuality "1"]

1. e4 e6 2. d4 d5 3. e5 c5 4. Nf3 Nc6 5. Bb5 Nge7 6. dxc5 a6 7. Bxc6+ Nxc6 8. c3 Bxc5 9. b4 Bb6 10. a4 Bc7 11. Qe2 h6 12. 0-0 0-0 13. Rd1 f6 14. c4 Nxe5 15. Nxe5 Bxe5 16. Ra3 a5 17. Rh3 Bd7 18. f4 Bxa4 19. Rdd3 Qe7 20. fxe5 f5 21. Bxh6 gxh6 22. Rxh6 1-0

[Event "Hannover-chA"]
[Site "Lehrte"]
[Date "2013.10.17"]
[Round "2"]
[White "Schimmelpfennig, Juergen"]
[Black "Schilling, Horst"]
[Result "1/2-1/2"]
[WhiteElo "1308"]
[BlackElo "1197"]
[PlyCount "93"]
[EventDate "2013.10.17"]
[EventType "swiss"]
[EventRounds "7"]
[EventCountry "GER"]
[SourceTitle "EXT 2021"]
[Source "ChessBase"]
[SourceDate "2020.10.23"]
[SourceVersion "1"]
[SourceVersionDate "2020.10.23"]
[SourceQuality "1"]

1. e4 e5 2. Nf3 Nc6 3. Bc4 Bc5 4. Nc3 a6 5. d3 d6 6. Ng5 Qf6 7. 0-0 Be6 8. Bxe6 fxe6 9. Ne2 h6 10. Nf3 0-0-0 11. c3 g5 12. Ng3 Qg6 13. d4 Ba7 14. b4 Nf6 15. Re1 exd4 16. cxd4 Nxb4 17. Qb3 Nc6 18. Bb2 d5 19. e5 Nh5 20. Rad1 Nxg3 21. hxg3 Na5 22. Qd3 Qxd3 23. Rxd3 Nc4 24. Ba1 b5 25. Nh2 h5 26. Nf3 Rdg8 27. Bc3 g4 28. Nh4 c5 29. dxc5 Bxc5 30. Bd4 Be7 31. Rc1 Rh7 32. Kh2 Rf7 33. f4 gxf3 34. Rxf3 Rfg7 35. Kh3 Kd7 36. Bc3 Bg5 37. Rcf1 Ke7 38. Bb4+ Ke8 39. Rf8+ Rxf8 40. Rxf8+ Kd7 41. Ra8 Be3 42. Rxa6 Nxe5 43. Rd6+ Ke7 44. Rb6+ Kf6 45. Rxb5 Nc6 46. Ba3 Ra7 47. Bc5 1/2-1/2

[Event "Hannover-chA"]
[Site "Lehrte"]
[Date "2011.10.18"]
[Round "7"]
[White "Brannys, Peter"]
[Black "Schimmelpfennig, Juergen"]
[Result "1-0"]
[WhiteElo "1319"]
[BlackElo "1364"]
[PlyCount "53"]
[EventDate "2011.10.15"]
[EventType "tourn"]
[EventRounds "7"]
[EventCountry "GER"]
[SourceTitle "EXT 2021"]
[Source "ChessBase"]
[SourceDate "2020.10.23"]
[SourceVersion "1"]
[SourceVersionDate "2020.10.23"]
[SourceQuality "1"]

1. e4 e5 2. Nf3 d6 3. d4 exd4 4. Nxd4 c5 5. Nf3 Nc6 6. Nc3 Bg4 7. Be2 Bxf3 8. Bxf3 Ne5 9. Bf4 Nf6 10. 0-0 h6 11. Qe2 a6 12. Rad1 Qc7 13. Rfe1 0-0-0 14. Nd5 Nxf3+ 15. Qxf3 Nxd5 16. Rxd5 f6 17. Red1 g5 18. Bg3 Be7 19. Qf5+ Kb8 20. Qe6 Rhe8 21. h4 Bf8 22. Qxf6 Be7 23. Qxh6 Rh8 24. Qe6 Rhe8 25. e5 gxh4 26. exd6 Bxd6 27. Bxd6 1-0

[Event "Hannover-chA"]
[Site "Lehrte"]
[Date "2010.10.11"]
[Round "6"]
[White "Schimmelpfennig, Juergen"]
[Black "Loessing, Thorsten"]
[Result "0-1"]
[WhiteElo "1372"]
[BlackElo "1492"]
[PlyCount "92"]
[EventDate "2010.10.09"]
[EventType "swiss"]
[EventRounds "7"]
[EventCountry "GER"]
[SourceTitle "EXT 2021"]
[Source "ChessBase"]
[SourceDate "2020.10.23"]
[SourceVersion "1"]
[SourceVersionDate "2020.10.23"]
[SourceQuality "1"]

1. Nf3 Nf6 2. d4 e6 3. Bg5 d5 4. e3 c5 5. c4 cxd4 6. exd4 Bb4+ 7. Nc3 Qa5 8. Bxf6 Bxc3+ 9. bxc3 Qxc3+ 10. Nd2 gxf6 11. cxd5 Qxd4 12. Bb5+ Bd7 13. Bxd7+ Nxd7 14. dxe6 Qe5+ 15. Kf1 fxe6 16. Qb1 Nb6 17. Qb3 Qd5 18. Qxd5 exd5 19. g3 Rc8 20. Kg2 Rc2 21. Rhe1+ Kd7 22. Nb3 Re8 23. Rxe8 Kxe8 24. Re1+ Kd7 25. Na5 Rxa2 26. Nxb7 a5 27. Nc5+ Kc6 28. Nd3 Kb5 29. Re6 a4 30. Rxf6 a3 31. Rf4 Nc4 32. Rd4 Kc6 33. Nb4+ Kc5 34. Nxa2 Kxd4 35. f4 Ke3 36. f5 Ke4 37. f6 Nd6 38. g4 h6 39. h4 Kf4 40. Kh3 d4 41. g5 hxg5 42. h5 Kf5 43. h6 Kg6 44. Kg4 Kxh6 45. Nb4 Kg6 46. Nc2 a2 0-1

[Event "Hannover-chA"]
[Site "Lehrte"]
[Date "2008.10.14"]
[Round "7"]
[White "Buchholz, Bernd1111"]
[Black "Schimmelpfennig, Juergen"]
[Result "0-1"]
[WhiteElo "866"]
[BlackElo "1459"]
[PlyCount "44"]
[EventDate "2008.10.11"]
[EventType "swiss"]
[EventRounds "7"]
[EventCountry "GER"]
[SourceTitle "EXT 2021"]
[Source "ChessBase"]
[SourceDate "2020.10.23"]
[SourceVersion "1"]
[SourceVersionDate "2020.10.23"]
[SourceQuality "1"]

1. e4 e5 2. Nf3 Nc6 3. d4 exd4 4. Nxd4 Bc5 5. Nxc6 Bxf2+ 6. Kxf2 Qf6+ 7. Qf3 Qxc6 8. Bd3 d6 9. e5 Qxf3+ 10. Kxf3 dxe5 11. Re1 f6 12. Bc4 Bd7 13. Bxg8 Rxg8 14. Nc3 Bc6+ 15. Ne4 f5 16. Bg5 Bxe4+ 17. Ke3 h6 18. Bh4 Bxg2 19. Bg3 0-0-0 20. Bxe5 Rge8 21. Kf4 g5+ 22. Kg3 Rd2 0-1

[Event "Hannover-chA"]
[Site "Lehrte"]
[Date "2008.10.12"]
[Round "3"]
[White "Mueller, Florian"]
[Black "Schimmelpfennig, Juergen"]
[Result "1-0"]
[WhiteElo "1462"]
[BlackElo "1459"]
[PlyCount "39"]
[EventDate "2008.10.11"]
[EventType "swiss"]
[EventRounds "7"]
[EventCountry "GER"]
[SourceTitle "EXT 2021"]
[Source "ChessBase"]
[SourceDate "2020.10.23"]
[SourceVersion "1"]
[SourceVersionDate "2020.10.23"]
[SourceQuality "1"]

1. d4 d5 2. Nf3 e6 3. g3 c5 4. Bg2 Nf6 5. 0-0 Be7 6. c3 0-0 7. Bg5 cxd4 8. Nxd4 h6 9. Bxf6 Bxf6 10. Nb3 Qb6 11. e4 dxe4 12. Bxe4 Rd8 13. Qc2 e5 14. N1d2 Be6 15. Rfd1 Nc6 16. Bf5 Bxf5 17. Qxf5 Ne7 18. Qf3 Rac8 19. Ne4 Rxd1+ 20. Rxd1 1-0

[Event "Hannover-ch op"]
[Site "Isernhagen"]
[Date "2001.10.02"]
[Round "5"]
[White "Witte, Heinrich"]
[Black "Schimmelpfennig, Juergen"]
[Result "1-0"]
[WhiteElo "1297"]
[BlackElo "1442"]
[PlyCount "117"]
[EventDate "2001.09.29"]
[EventType "swiss"]
[EventRounds "7"]
[EventCountry "GER"]
[SourceTitle "EXT 2021"]
[Source "ChessBase"]
[SourceDate "2020.10.23"]
[SourceVersion "1"]
[SourceVersionDate "2020.10.23"]
[SourceQuality "1"]

1. d4 d5 2. c4 e6 3. Nc3 Nc6 4. Nf3 g6 5. e3 Bg7 6. Bd3 Nf6 7. 0-0 0-0 8. Bd2 Re8 9. cxd5 exd5 10. h3 Ne4 11. Bb5 Re6 12. Rc1 a6 13. Ba4 Rf6 14. Bb3 Rxf3 15. Nxe4 dxe4 16. gxf3 Bxh3 17. Kh2 Qh4 18. Rh1 Rf8 19. Qg1 Bg4+ 20. Kg2 exf3+ 21. Kf1 Qg5 22. Rc5 Qe7 23. Qxg4 Nxd4 24. Qh4 Qxh4 25. Rxh4 Ne6 26. Bxe6 fxe6 27. Bc3 Rd8 28. Bd4 e5 29. Rc4 exd4 30. exd4 c5 31. Rc3 Bxd4 32. Rxf3 Bxb2 33. Rb3 Bf6 34. Rc4 b5 35. Rxc5 Rd1+ 36. Ke2 Ra1 37. Rc6 Rxa2+ 38. Kf1 Kg7 39. Rf3 Ra1+ 40. Kg2 Be5 41. Re6 Bd4 42. Re7+ Kg8 43. Rd3 Bg7 44. Rd8+ Bf8 45. Ree8 Rc1 46. Rxf8+ Kg7 47. Ra8 a5 48. Rfb8 h5 49. Rxb5 Kf6 50. Raxa5 Rc4 51. Ra6+ Kg7 52. Rg5 Rg4+ 53. Rxg4 hxg4 54. Kg3 Kh6 55. Kxg4 Kh7 56. Kg5 Kg7 57. Rf6 Kh7 58. Rf7+ Kg8 59. Kxg6 1-0